000 00470nam a2200181Ia 4500
008 230917s9999||||xx |||||||||||||| ||und||
020 _cRS550
040 _e257432
_aMAIN
041 _aEnglish
082 _a342 U1A(11)
100 _aUpadhyaya, J J R
245 0 _aAdministrative law
250 _a11th ed.
260 _aAllahabad
_bCentral Law Agency
_c2019
300 _axlviii, 622 p.
500 _a3584 19/08/2019 IBS19/75 04/09/2019 Main Budget
942 _cBK
999 _c32522
_d32522